000 00595nam a2200193 4500
001 107475
003 ES-MaACL
005 20231230062953.0
007 t|
008 061121s1969 sp r ||||1| spa d
100 1 _aMoravia, Alberto,
_d1907-1990
_983166
245 1 3 _aLa revolución cultural en China /
_cAlberto Moravia; [versión de Jaime Vidal Alcover].
250 _a1.ª ed.
260 _aBarcelona :
_bLlibres de Sinera,
_c1969.
300 _a198 p. ;
_c20.
700 1 _aVidal Alcover, Jaume.
_9114465
852 _aES-MaACL
_jC-39669
_bR.70391
999 _c107475
_d107475